000 00995aab a2200193 i 4500
001 768714001
003 CO-MdFUSB
005 20221031162514.0
008 221031s2003 sp ||||| |||| 00| 0 spa d
040 _bspa
_cCO-MdFUSB
_dCO-MdFUSB
041 _aspa
100 1 _aJunker Kenny, Maureen
_eautor
245 1 0 _a¿Necesita el concepto de dignidad humana una fundamentación teológica?
_c/ Maureen Junker Kenny
300 _aNúmero 300, (2003), Página 65-76
_c; 21 cm
520 _aAlgunos piensan que el concepto de dignidad humana es válido como fundamento último de una base ética común para una sociedad pluralista. Dado que se trata de un concepto formal que no prescribe unos contenidos positivos determinados, permite llegar a cierto consenso social sobre aquélla. En cambio, hay otros que piensan que se trata de una categoría fundamentalista.
653 _aDignidad humana
773 0 _tConcilium
_049450
_960413
_gNúmero 300, (2003), Página 65-76
_q Página 65
942 _cANA
999 _c49897
_d49897